[Event "Hamburg HSK Christmas op 4th"]
[Site "Hamburg"]
[Date "2018.12.28"]
[Round "4"]
[White "Sonntag, Sven"]
[Black "Magnussen, Helge"]
[Result "1-0"]
[WhiteElo "1978"]
[BlackElo "2041"]
[PlyCount "93"]
[EventDate "2018.12.27"]
[EventType "swiss"]
[EventRounds "7"]
[EventCountry "GER"]
[SourceTitle "CBM 188 Extra"]
[Source "ChessBase"]
[SourceDate "2019.02.26"]
[SourceVersion "1"]
[SourceVersionDate "2019.02.26"]
[SourceQuality "1"]

1. c4 e6 2. d4 Nf6 3. Nc3 c5 4. d5 exd5 5. Nxd5 Nxd5 6. Qxd5 Nc6 7. Bd2 d6 8. e3 Be6 9. Qe4 Qd7 10. Nf3 Be7 11. Qc2 d5 12. cxd5 Bxd5 13. Bb5 0-0 14. Ne5 Qe6 15. Nxc6 bxc6 16. Bd3 Rfd8 17. Bxh7+ Kh8 18. Bf5 Qd6 19. 0-0-0 Rab8 20. Bc3 Bf6 21. e4 Qf4+ 22. Qd2 Bg5 23. Qxf4 Bxf4+ 24. Kc2 Bxa2 25. Rxd8+ Rxd8 26. g3 Bb8 27. e5 Kg8 28. b3 c4 29. bxc4 Bxc4 30. Rb1 Bb5 31. f4 Bc7 32. Bb4 Bb6 33. Bd6 Bd4 34. Rb4 Bg1 35. e6 fxe6 36. Bxe6+ Kh7 37. f5 g5 38. Be7 Rb8 39. f6 a5 40. Re4 a4 41. h4 gxh4 42. Bf7 Kh6 43. Re5 Bd3+ 44. Kxd3 Rb5 45. Bf8+ Kh7 46. Rxb5 cxb5 47. g4 1-0

[Event "British Universities-ch"]
[Site "Telford"]
[Date "2018.02.25"]
[Round "5.3"]
[White "Magnussen, Helge"]
[Black "Wong, Yee Chit"]
[Result "0-1"]
[WhiteElo "2050"]
[BlackElo "2229"]
[PlyCount "74"]
[EventDate "2018.02.24"]
[EventType "team-swiss"]
[EventRounds "5"]
[EventCountry "ENG"]
[SourceTitle "CBM 183 Extra"]
[Source "ChessBase"]
[SourceDate "2018.04.19"]
[SourceVersion "1"]
[SourceVersionDate "2018.04.19"]
[SourceQuality "1"]
[WhiteTeam "Glasgow"]
[BlackTeam "Imperial"]
[WhiteTeamCountry "SCO"]
[BlackTeamCountry "ENG"]

1. d4 Nf6 2. c4 c6 3. Nf3 d5 4. e3 Bf5 5. Nc3 e6 6. Nh4 Bg6 7. Be2 Nbd7 8. Nxg6 hxg6 9. Qb3 Rb8 10. Bd2 Bd6 11. f4 g5 12. 0-0-0 g4 13. g3 g6 14. Qc2 Bb4 15. Bd3 Bxc3 16. Bxc3 b5 17. b3 bxc4 18. bxc4 dxc4 19. Bxc4 Nd5 20. Bd2 Qe7 21. Bb3 a5 22. e4 a4 23. exd5 axb3 24. axb3 cxd5 25. b4 0-0 26. Kb2 Nb6 27. Rb1 Rfc8 28. Bc3 Rxc3 29. Kxc3 Rc8+ 30. Kd3 Rxc2 31. Kxc2 Qc7+ 32. Kd2 Qc4 33. Rhc1 Qxd4+ 34. Ke2 Nc4 35. b5 Qd2+ 36. Kf1 Ne3+ 37. Kg1 Qg2# 0-1

[Event "British Universities-ch"]
[Site "Telford"]
[Date "2018.02.25"]
[Round "4.3"]
[White "Rogozinski, Andrew"]
[Black "Magnussen, Helge"]
[Result "0-1"]
[WhiteElo "1886"]
[BlackElo "2050"]
[PlyCount "48"]
[EventDate "2018.02.24"]
[EventType "team-swiss"]
[EventRounds "5"]
[EventCountry "ENG"]
[SourceTitle "CBM 183 Extra"]
[Source "ChessBase"]
[SourceDate "2018.04.19"]
[SourceVersion "1"]
[SourceVersionDate "2018.04.19"]
[SourceQuality "1"]
[WhiteTeam "Oxford"]
[BlackTeam "Glasgow"]
[WhiteTeamCountry "ENG"]
[BlackTeamCountry "SCO"]

1. e4 e6 2. c4 d5 3. cxd5 exd5 4. exd5 Nf6 5. Nc3 Bd6 6. d4 0-0 7. Bd3 Nbd7 8. Nge2 Nb6 9. Bg5 h6 10. Bh4 Be7 11. 0-0 Nfxd5 12. Bg3 Bg4 13. a3 c5 14. Bc2 Nxc3 15. bxc3 Nd5 16. c4 Nc3 17. Qd3 Nxe2+ 18. Kh1 f5 19. d5 Nd4 20. f3 Nxc2 21. Qxc2 f4 22. Bf2 Bf5 23. Qd2 Qc7 24. Rad1 Bd6 0-1

[Event "British Universities-ch"]
[Site "Telford"]
[Date "2018.02.24"]
[Round "1.3"]
[White "Leon Cazares, Gustavo"]
[Black "Magnussen, Helge"]
[Result "1-0"]
[WhiteElo "2059"]
[BlackElo "2050"]
[PlyCount "67"]
[EventDate "2018.02.24"]
[EventType "team-swiss"]
[EventRounds "5"]
[EventCountry "ENG"]
[SourceTitle "CBM 183 Extra"]
[Source "ChessBase"]
[SourceDate "2018.04.19"]
[SourceVersion "1"]
[SourceVersionDate "2018.04.19"]
[SourceQuality "1"]
[WhiteTeam "Cambridge"]
[BlackTeam "Glasgow"]
[WhiteTeamCountry "ENG"]
[BlackTeamCountry "SCO"]

1. e4 e6 2. d3 d5 3. Nd2 Nf6 4. Ngf3 b6 5. Be2 dxe4 6. dxe4 Bb7 7. Bd3 Na6 8. Bb5+ c6 9. Be2 Nc5 10. e5 Nd5 11. 0-0 Nf4 12. Nc4 Qxd1 13. Bxd1 Ba6 14. Bxf4 Bxc4 15. Re1 0-0-0 16. Nd2 Ba6 17. Bf3 Kc7 18. a4 h6 19. a5 b5 20. Be3 Na4 21. Ne4 Bb4 22. c3 Be7 23. b3 Nb2 24. Bxa7 Rd7 25. Be2 Kb7 26. Bc5 Rhd8 27. Rab1 b4 28. c4 f5 29. Bxe7 Rxe7 30. Nc5+ Ka7 31. Rxb2 Rd4 32. Rd1 Rxd1+ 33. Bxd1 Re8 34. Rd2 1-0

[Event "Berlin Spandau op 2nd"]
[Site "Berlin"]
[Date "2016.12.30"]
[Round "7"]
[White "Magnussen, Helge"]
[Black "Brustkern, Juergen"]
[Result "1/2-1/2"]
[WhiteElo "2084"]
[BlackElo "2246"]
[PlyCount "58"]
[EventDate "2016.12.27"]
[EventType "swiss"]
[EventRounds "7"]
[EventCountry "GER"]
[SourceTitle "CBM 176 Extra"]
[Source "ChessBase"]
[SourceDate "2017.03.02"]
[SourceVersion "1"]
[SourceVersionDate "2017.03.02"]
[SourceQuality "1"]

1. d4 d5 2. c4 Nc6 3. Nc3 dxc4 4. Nf3 a6 5. d5 Na7 6. e4 b5 7. Be3 e6 8. Qc2 Nf6 9. 0-0-0 exd5 10. e5 b4 11. exf6 bxc3 12. Bxc4 c6 13. Rhe1 Be6 14. Bd4 cxb2+ 15. Qxb2 gxf6 16. Bb3 Be7 17. Ng5 Kd7 18. Ne4 Nb5 19. Bxf6 Ba3 20. Qxa3 Nxa3 21. Nc5+ Kc7 22. Bxd8+ Rhxd8 23. Nxe6+ fxe6 24. Rxe6 Re8 25. Rde1 Kd7 26. Rxe8 Rxe8 27. Rxe8 Kxe8 28. Kb2 Nb5 29. Ba4 Ke7 1/2-1/2

[Event "Berlin Spandau op 2nd"]
[Site "Berlin"]
[Date "2016.12.29"]
[Round "5"]
[White "Magnussen, Helge"]
[Black "Nofal, Jameel"]
[Result "1/2-1/2"]
[WhiteElo "2084"]
[BlackElo "1873"]
[PlyCount "136"]
[EventDate "2016.12.27"]
[EventType "swiss"]
[EventRounds "7"]
[EventCountry "GER"]
[SourceTitle "CBM 176 Extra"]
[Source "ChessBase"]
[SourceDate "2017.03.02"]
[SourceVersion "1"]
[SourceVersionDate "2017.03.02"]
[SourceQuality "1"]

1. d4 Nf6 2. c4 e6 3. g3 Bb4+ 4. Bd2 Qe7 5. Bg2 0-0 6. a3 Bxd2+ 7. Qxd2 d6 8. Nc3 e5 9. Nf3 Nbd7 10. 0-0 exd4 11. Nxd4 Ne5 12. Nd5 Nxd5 13. cxd5 Bd7 14. Rac1 Rac8 15. Rc3 c5 16. dxc6 bxc6 17. f4 c5 18. Nc2 Ng4 19. h3 Nh6 20. Rd1 Bc6 21. Qxd6 Qxe2 22. Rd2 Qe6 23. Qxe6 fxe6 24. Rxc5 Bxg2 25. Rxc8 Rxc8 26. Kxg2 Nf5 27. Nb4 a5 28. Na2 Rb8 29. Kf3 Kf7 30. g4 Rb3+ 31. Nc3 Ne7 32. Ke4 Rb7 33. h4 h5 34. gxh5 Nf5 35. Na4 Rb3 36. Rd3 Rb7 37. Rd2 Rb3 38. Rd3 Rb7 39. Rc3 Rd7 40. Nc5 Rd4+ 41. Kf3 Nxh4+ 42. Kg4 Ng2 43. Nd3 Kf6 44. Kg3 Ne3 45. Ne5 Nd5 46. Ng4+ Ke7 47. Rf3 Rd2 48. Rb3 a4 49. Rb7+ Kf8 50. Ne5 Nf6 51. Ng6+ Ke8 52. Re7+ Kd8 53. Rxe6 Nxh5+ 54. Kh4 Nf6 55. Ra6 Rh2+ 56. Kg3 Rxb2 57. Rxa4 Rb1 58. Ra8+ Kc7 59. f5 Rf1 60. Ra5 Kb6 61. Re5 Ra1 62. Re6+ Kb5 63. Re3 Ka4 64. Ne7 Rxa3 65. Rxa3+ Kxa3 66. Kf4 Kb3 67. Ke5 Ng4+ 68. Ke6 Nh6 1/2-1/2

[Event "Berlin Spandau op 2nd"]
[Site "Berlin"]
[Date "2016.12.29"]
[Round "6"]
[White "Schreck, Robert"]
[Black "Magnussen, Helge"]
[Result "0-1"]
[WhiteElo "1937"]
[BlackElo "2084"]
[PlyCount "58"]
[EventDate "2016.12.27"]
[EventType "swiss"]
[EventRounds "7"]
[EventCountry "GER"]
[SourceTitle "CBM 176 Extra"]
[Source "ChessBase"]
[SourceDate "2017.03.02"]
[SourceVersion "1"]
[SourceVersionDate "2017.03.02"]
[SourceQuality "1"]

1. Nc3 d5 2. e4 e6 3. exd5 exd5 4. d4 Bb4 5. Bd3 Nc6 6. Nf3 Bg4 7. Be3 Nge7 8. h3 Bf5 9. 0-0 Qd7 10. a3 Bxc3 11. bxc3 Na5 12. Ne5 Qe6 13. Re1 Bxd3 14. Nxd3 Qf6 15. Qg4 Qg6 16. Bg5 f6 17. Rxe7+ Kxe7 18. Re1+ Kf8 19. Nf4 Qf7 20. Bh6 Kg8 21. Nxd5 Nc6 22. Bxg7 h5 23. Qg3 Qxg7 24. Nxf6+ Kf8 25. Qf4 Qf7 26. d5 Kg7 27. Re6 Ne7 28. Qg5+ Kf8 29. Nxh5 Rxh5 0-1

[Event "Berlin Spandau op 2nd"]
[Site "Berlin"]
[Date "2016.12.28"]
[Round "4"]
[White "Klausch, Uwe"]
[Black "Magnussen, Helge"]
[Result "0-1"]
[WhiteElo "1894"]
[BlackElo "2084"]
[PlyCount "42"]
[EventDate "2016.12.27"]
[EventType "swiss"]
[EventRounds "7"]
[EventCountry "GER"]
[SourceTitle "CBM 176 Extra"]
[Source "ChessBase"]
[SourceDate "2017.03.02"]
[SourceVersion "1"]
[SourceVersionDate "2017.03.02"]
[SourceQuality "1"]

1. e4 e6 2. d4 d5 3. Nc3 Bb4 4. e5 c5 5. a3 cxd4 6. axb4 dxc3 7. Bd3 Nc6 8. Bb5 Bd7 9. Bxc6 Bxc6 10. bxc3 Qc7 11. Qd4 Ne7 12. f4 0-0 13. g4 a5 14. Nf3 axb4 15. Rxa8 Rxa8 16. cxb4 Bb5 17. Kd2 Ra2 18. Bb2 Nc6 19. Qc5 b6 20. Qxb5 Rxb2 21. Nd4 Rxb4 0-1

[Event "Hamburg St Pauli op-A"]
[Site "Hamburg"]
[Date "2014.07.23"]
[Round "5"]
[White "Magnussen, Helge"]
[Black "Kalinitschew, Sergey"]
[Result "0-1"]
[WhiteElo "2110"]
[BlackElo "2426"]
[PlyCount "100"]
[EventDate "2014.07.19"]
[EventType "swiss"]
[EventRounds "9"]
[EventCountry "GER"]
[SourceTitle "CBM 161 Extra"]
[Source "ChessBase"]
[SourceDate "2014.08.29"]
[SourceVersion "1"]
[SourceVersionDate "2014.08.29"]
[SourceQuality "1"]

1. d4 e6 2. e4 d5 3. Nc3 Nf6 4. Bg5 dxe4 5. Nxe4 Nbd7 6. Nf3 h6 7. Nxf6+ Nxf6 8. Bh4 a6 9. Bd3 c5 10. 0-0 cxd4 11. Nxd4 Bc5 12. Nb3 Bd6 13. Qf3 Be5 14. Rfe1 Qc7 15. Nd2 Bd7 16. Nc4 Bxh2+ 17. Kh1 Bc6 18. Qh3 Bf4 19. Bxf6 gxf6 20. Be4 0-0-0 21. Qf3 Rd4 22. b3 Rhd8 23. c3 Rxe4 24. Rxe4 f5 25. Qxf4 Bxe4 26. Qe3 b5 27. f3 Bb7 28. Nb6+ Kb8 29. c4 f4 30. Qf2 Qe5 31. Re1 Qd4 32. Qxd4 Rxd4 33. cxb5 axb5 34. a4 Ka7 35. a5 Ka6 36. Ra1 e5 37. b4 Rxb4 38. Nd7 Rc4 39. Nxe5 Rc3 40. Nxf7 b4 41. Nxh6 b3 42. Rb1 Bc8 43. Nf7 Bf5 44. Rb2 Kxa5 45. Nd6 Bd3 46. Kh2 Kb4 47. Rd2 Ka3 48. Kh3 b2 49. Rd1 Kb4 50. Ne4 Bxe4 0-1

[Event "Hamburg St Pauli op-A"]
[Site "Hamburg"]
[Date "2014.07.20"]
[Round "2"]
[White "Voigt, Martin"]
[Black "Magnussen, Helge"]
[Result "1/2-1/2"]
[WhiteElo "2313"]
[BlackElo "2110"]
[PlyCount "114"]
[EventDate "2014.07.19"]
[EventType "swiss"]
[EventRounds "9"]
[EventCountry "GER"]
[SourceTitle "CBM 161 Extra"]
[Source "ChessBase"]
[SourceDate "2014.08.29"]
[SourceVersion "1"]
[SourceVersionDate "2014.08.29"]
[SourceQuality "1"]

1. e4 e6 2. d4 d5 3. Nc3 Bb4 4. Bd3 dxe4 5. Bxe4 Nf6 6. Bf3 0-0 7. Nge2 c5 8. a3 cxd4 9. axb4 dxc3 10. Qxd8 Rxd8 11. bxc3 Nc6 12. Be3 Ne5 13. Rxa7 Nxf3+ 14. gxf3 Rxa7 15. Bxa7 Bd7 16. Bd4 Ba4 17. c4 Bxc2 18. Kd2 Bg6 19. Kc3 e5 20. Be3 Rd3+ 21. Kb2 Bh5 22. Ra1 Rd8 23. Bb6 Rc8 24. Ra3 Nd7 25. c5 f6 26. Ng3 Bg6 27. Ra7 Nxb6 28. cxb6 Rb8 29. Ne4 Bxe4 30. fxe4 Kf7 31. Kc3 Ke6 32. Kc4 g6 33. Kc5 Kd7 34. Kd5 h5 35. f3 h4 36. h3 Ke7 37. b5 Rd8+ 38. Kc5 Rc8+ 39. Kb4 Rb8 40. Ra2 Rc8 41. Ra7 Rb8 42. Ra3 Rc8 43. Ra2 Ke6 44. Rg2 g5 45. Rd2 Rc1 46. Ra2 Rb1+ 47. Kc4 Rc1+ 48. Kd3 Rd1+ 49. Kc3 Kd6 50. Ra7 Kc5 51. Rxb7 Rd6 52. Rb8 Kxb5 53. b7 Kb6 54. Kc4 Rd4+ 55. Kc3 Rd6 56. Kc4 Rd4+ 57. Kc3 Rd6 1/2-1/2

[Event "SWE-chT2 1314"]
[Site "Sweden"]
[Date "2014.03.08"]
[Round "8"]
[White "Borvander, Tom"]
[Black "Magnussen, Helge"]
[Result "1-0"]
[WhiteElo "2172"]
[BlackElo "2110"]
[PlyCount "67"]
[EventDate "2013.11.22"]
[EventType "team-tourn"]
[EventRounds "9"]
[EventCountry "SWE"]
[SourceTitle "EXT 2015"]
[Source "ChessBase"]
[SourceDate "2014.11.20"]
[SourceVersion "1"]
[SourceVersionDate "2014.11.20"]
[SourceQuality "1"]
[WhiteTeam "Kamraterna"]
[BlackTeam "Umea Rockaden"]
[WhiteTeamCountry "SWE"]
[BlackTeamCountry "SWE"]

1. d4 Nf6 2. c4 c5 3. d5 e6 4. Nc3 exd5 5. cxd5 d6 6. Nf3 g6 7. Nd2 Bg7 8. e4 0-0 9. Be2 Re8 10. 0-0 Na6 11. f3 Nc7 12. a4 b6 13. Nc4 Ba6 14. Bg5 h6 15. Bh4 Qd7 16. g4 Nh7 17. Qd2 Nf8 18. Kh1 g5 19. Bg3 Bxc4 20. Bxc4 Ng6 21. Nd1 a6 22. Ne3 b5 23. axb5 axb5 24. Be2 Kh7 25. Nf5 Be5 26. Bxe5 Rxe5 27. Rxa8 Nxa8 28. Ra1 Re8 29. Ra6 Rb8 30. Qc3 Ne5 31. Rxd6 Qe8 32. Rxh6+ Kg8 33. Qxc5 Nxg4 34. Qg1 1-0

[Event "GER Daehne Cup"]
[Site "Halle"]
[Date "2012.06.09"]
[Round "5.10"]
[White "Baer, Soeren"]
[Black "Magnussen, Helge"]
[Result "0-1"]
[WhiteElo "2145"]
[BlackElo "2136"]
[PlyCount "108"]
[EventDate "2012.06.07"]
[EventType "k.o."]
[EventRounds "5"]
[EventCountry "GER"]
[SourceTitle "EXT 2016"]
[Source "ChessBase"]
[SourceDate "2015.10.08"]
[SourceVersion "1"]
[SourceVersionDate "2015.10.08"]
[SourceQuality "1"]

1. Nf3 e6 2. c4 d5 3. d4 Nf6 4. g3 c6 5. Qc2 Be7 6. Bg2 0-0 7. 0-0 Nbd7 8. b3 b6 9. Rd1 Bb7 10. Nc3 Rc8 11. e4 dxe4 12. Nxe4 Nxe4 13. Qxe4 Qc7 14. Bf4 Bd6 15. Bxd6 Qxd6 16. c5 Qe7 17. b4 Nf6 18. Qe1 Rcd8 19. Ne5 Nd5 20. a4 Qc7 21. Rac1 b5 22. axb5 cxb5 23. Ra1 a6 24. h4 Rfe8 25. Ra3 Re7 26. h5 f6 27. Ng4 Qd7 28. Bh3 Qe8 29. Ne3 Qxh5 30. Bg2 Nxe3 31. fxe3 Bxg2 32. Kxg2 Qd5+ 33. e4 Qc6 34. Kf2 f5 35. exf5 Rf7 36. g4 exf5 37. g5 f4 38. Qe5 Rfd7 39. Rf3 Rd5 40. Qxf4 Qg6 41. c6 Rxg5 42. Ke3 Re8+ 43. Kd2 Rg2+ 44. Rf2 Rxf2+ 45. Qxf2 Qh6+ 46. Kd3 Qxc6 47. Qa2+ Kh8 48. d5 Qg6+ 49. Kd4 Qg4+ 50. Kc5 Qxd1 51. Qxa6 Qg1+ 52. Kc6 Qg6+ 53. d6 Rd8 54. Kc7 Qe8 0-1

[Event "GER Daehne Cup"]
[Site "Halle"]
[Date "2012.06.08"]
[Round "3.11"]
[White "Magnussen, Helge"]
[Black "Jandke, Manfred"]
[Result "1-0"]
[WhiteElo "2136"]
[BlackElo "2173"]
[PlyCount "85"]
[EventDate "2012.06.07"]
[EventType "k.o."]
[EventRounds "5"]
[EventCountry "GER"]
[SourceTitle "EXT 2016"]
[Source "ChessBase"]
[SourceDate "2015.10.08"]
[SourceVersion "1"]
[SourceVersionDate "2015.10.08"]
[SourceQuality "1"]

1. d4 Nf6 2. c4 a6 3. f3 c5 4. d5 d6 5. e4 b5 6. cxb5 Qb6 7. Nc3 axb5 8. Bxb5+ Bd7 9. Bc4 g6 10. Nge2 Bg7 11. 0-0 0-0 12. Qc2 Na6 13. Be3 Rfb8 14. Rab1 Ne8 15. Qd2 Qb4 16. b3 Qa3 17. Qe1 Nec7 18. Bc1 Qa5 19. a4 Nb4 20. Qh4 Re8 21. Rb2 e6 22. Rd1 exd5 23. exd5 Re5 24. Rbd2 Rae8 25. Ne4 Rf5 26. Nxd6 Rh5 27. Qf2 Be5 28. Nxe8 Bxh2+ 29. Kf1 Nxe8 30. g4 Rh6 31. Rb2 Be5 32. Bxh6 Bxb2 33. Ng3 Bd4 34. Be3 Be5 35. Ne4 h5 36. Nxc5 Bc8 37. gxh5 Bh3+ 38. Ke2 Nc2 39. hxg6 fxg6 40. Rd2 Bf5 41. d6+ Kg7 42. Rxc2 Bxc2 43. Ne6+ 1-0

[Event "GER Daehne Cup"]
[Site "Halle"]
[Date "2012.06.07"]
[Round "1.5"]
[White "Magnussen, Helge"]
[Black "Prediger, Rupert"]
[Result "0-1"]
[WhiteElo "2136"]
[BlackElo "2245"]
[PlyCount "118"]
[EventDate "2012.06.07"]
[EventType "k.o."]
[EventRounds "5"]
[EventCountry "GER"]
[SourceTitle "EXT 2016"]
[Source "ChessBase"]
[SourceDate "2015.10.08"]
[SourceVersion "1"]
[SourceVersionDate "2015.10.08"]
[SourceQuality "1"]

1. d4 Nf6 2. c4 c5 3. d5 e6 4. Nc3 exd5 5. cxd5 d6 6. Nf3 g6 7. e4 Bg7 8. Be2 0-0 9. 0-0 Re8 10. Qc2 Na6 11. a3 Rb8 12. Bf4 Nh5 13. Bg5 f6 14. Be3 f5 15. Bg5 Bf6 16. Bxf6 Qxf6 17. Qa4 Re7 18. exf5 Bxf5 19. Rfe1 Bd7 20. Qa5 Bg4 21. Bxa6 Bxf3 22. Bf1 Rxe1 23. Rxe1 Rf8 24. gxf3 Qg5+ 25. Kh1 Qh4 26. Bg2 Qxf2 27. Ne4 Qxb2 28. Qc3 Qxc3 29. Nxc3 Nf4 30. Bf1 a6 31. a4 c4 32. Re4 Nd3 33. Bxd3 cxd3 34. Re3 d2 35. Rd3 Rc8 36. Nd1 Rc2 37. Kg2 Ra2 38. Kf2 Rxa4 39. Rxd2 Ra3 40. Rc2 b5 41. Rb2 Kf7 42. Ne3 h5 43. Rb4 Ra2+ 44. Kg3 Re2 45. Nd1 Rc2 46. h4 Rc5 47. Rd4 a5 48. Kf4 a4 49. Rd3 b4 50. Nb2 a3 51. Na4 Ra5 52. Nb2 axb2 53. Rb3 Rxd5 54. Rxb2 Rb5 55. Ke4 b3 56. Kd4 Kf6 57. Kc4 Rb6 58. Kd3 Ke5 59. Ke3 Rb4 0-1

[Event "Berlin Lichtenrade op 07th"]
[Site "Berlin"]
[Date "2011.10.15"]
[Round "8"]
[White "Graf, Felix"]
[Black "Magnussen, Helge"]
[Result "1-0"]
[WhiteElo "2341"]
[BlackElo "2126"]
[PlyCount "69"]
[EventDate "2011.10.08"]
[EventType "swiss"]
[EventRounds "9"]
[EventCountry "GER"]
[SourceTitle "CBM 144 Extra"]
[Source "ChessBase"]
[SourceDate "2011.10.28"]
[SourceVersion "1"]
[SourceVersionDate "2011.10.28"]
[SourceQuality "1"]

1. d4 Nf6 2. Nf3 e6 3. e3 c5 4. Bd3 b6 5. 0-0 Bb7 6. c4 Be7 7. Nc3 cxd4 8. exd4 d5 9. cxd5 Nxd5 10. Ne5 0-0 11. Qg4 f5 12. Qe2 Bf6 13. Rd1 Qe7 14. Bd2 Rd8 15. Rac1 a5 16. Nb5 Re8 17. a3 Na6 18. Nc4 Rad8 19. Ncd6 Rxd6 20. Nxd6 Qxd6 21. Bxa6 Ba8 22. Bb5 Rd8 23. b4 axb4 24. Bxb4 Nxb4 25. axb4 Kf8 26. Bc4 Bg5 27. Ra1 Qc6 28. f3 Bf6 29. Qxe6 Qxe6 30. Bxe6 Ke7 31. Bxf5 g6 32. Ra7+ Kd6 33. Be4 Bxe4 34. fxe4 Kc6 35. e5 1-0

[Event "Berlin Lichtenrade op 07th"]
[Site "Berlin"]
[Date "2011.10.14"]
[Round "7"]
[White "Magnussen, Helge"]
[Black "Witte, Ronald"]
[Result "1-0"]
[WhiteElo "2126"]
[BlackElo "2057"]
[PlyCount "45"]
[EventDate "2011.10.08"]
[EventType "swiss"]
[EventRounds "9"]
[EventCountry "GER"]
[SourceTitle "CBM 144 Extra"]
[Source "ChessBase"]
[SourceDate "2011.10.28"]
[SourceVersion "1"]
[SourceVersionDate "2011.10.28"]
[SourceQuality "1"]

1. d4 Nf6 2. c4 e6 3. Nc3 d5 4. Nf3 Nbd7 5. e3 c6 6. Bd3 dxc4 7. Bxc4 b5 8. Bd3 a6 9. e4 c5 10. d5 c4 11. dxe6 fxe6 12. Bc2 Qc7 13. 0-0 Bd6 14. Nd4 Nc5 15. f4 Be7 16. e5 Nd5 17. Qh5+ Kd8 18. Nxd5 exd5 19. Qf7 Bb7 20. Qxg7 Rf8 21. f5 Kc8 22. f6 Qxe5 23. Bf5+ 1-0

[Event "Berlin Lichtenrade op 07th"]
[Site "Berlin"]
[Date "2011.10.13"]
[Round "6"]
[White "Priebe, Jan"]
[Black "Magnussen, Helge"]
[Result "1-0"]
[WhiteElo "2265"]
[BlackElo "2126"]
[PlyCount "137"]
[EventDate "2011.10.08"]
[EventType "swiss"]
[EventRounds "9"]
[EventCountry "GER"]
[SourceTitle "CBM 144 Extra"]
[Source "ChessBase"]
[SourceDate "2011.10.28"]
[SourceVersion "1"]
[SourceVersionDate "2011.10.28"]
[SourceQuality "1"]

1. e4 e6 2. d4 d5 3. Nd2 Nc6 4. Ngf3 Nf6 5. e5 Nd7 6. c4 dxc4 7. Nxc4 Nb6 8. Ne3 Nb4 9. a3 N4d5 10. Bd3 Bd7 11. 0-0 Be7 12. Re1 Nxe3 13. fxe3 c5 14. Qe2 Rc8 15. Bd2 Bc6 16. Rf1 cxd4 17. exd4 0-0 18. Kh1 Bd5 19. Ba5 f5 20. exf6 Bxf6 21. Ne5 Qe8 22. Qg4 Bxe5 23. dxe5 Nd7 24. Bc3 Nc5 25. Bc2 Qc6 26. Bb4 b6 27. Qh3 g6 28. Rf6 Rxf6 29. exf6 Rf8 30. Rf1 Rf7 31. Qg3 Nd7 32. Bxg6 Rxf6 33. Bd3+ Kf7 34. Rxf6+ Nxf6 35. Bc3 e5 36. Qxe5 Bxg2+ 37. Kg1 Bd5 38. Qf5 Bb3 39. Kf2 h5 40. Kg3 Qd6+ 41. Be5 Qc6 42. Kh4 Qa4+ 43. Kg5 Qg4+ 44. Qxg4 Nxg4 45. Bb8 Ke7 46. h4 a5 47. Bc7 a4 48. Bxb6 Bd1 49. Bd4 Nh2 50. Bf6+ Kd6 51. Bc4 Nf3+ 52. Kf4 Ne1 53. Bf7 Nd3+ 54. Ke4 Nc5+ 55. Kd4 Nd7 56. Bg5 Nf8 57. Kc3 Ne6 58. Bf6 Nc5 59. Bd8 Ne6 60. Bb6 Nf4 61. Kd2 Bf3 62. Be3 Ne6 63. Kc3 Bd1 64. Be8 Nc5 65. Bxc5+ Kxc5 66. Kd2 Bb3 67. Bxh5 Be6 68. Kc3 Kb5 69. Bg6 1-0

[Event "Hamburg St Pauli op-A"]
[Site "Hamburg"]
[Date "2011.07.15"]
[Round "8"]
[White "Neiss, Josef Martin"]
[Black "Magnussen, Helge"]
[Result "1-0"]
[WhiteElo "2076"]
[BlackElo "2137"]
[PlyCount "73"]
[EventDate "2011.07.09"]
[EventType "swiss"]
[EventRounds "9"]
[EventCountry "GER"]
[SourceTitle "CBM 143 Extra"]
[Source "ChessBase"]
[SourceDate "2011.08.29"]
[SourceVersion "1"]
[SourceVersionDate "2011.08.29"]
[SourceQuality "1"]

1. Nf3 e6 2. c4 d5 3. g3 Nf6 4. b3 Be7 5. Bb2 0-0 6. Bg2 c5 7. cxd5 exd5 8. d4 Nc6 9. 0-0 Ne4 10. dxc5 Bxc5 11. e3 Bf5 12. a3 a5 13. Nc3 Nxc3 14. Bxc3 Be4 15. Nd4 Qg5 16. Bxe4 dxe4 17. Nxc6 bxc6 18. b4 Bb6 19. Qc2 axb4 20. axb4 Qd5 21. Rfd1 Qc4 22. Qb2 f6 23. Rd7 Rfd8 24. Rxa8 Rxa8 25. Bxf6 Ra7 26. Qe5 h6 27. Qb8+ Kh7 28. Rxa7 Bxa7 29. Qxa7 Qg8 30. Bd4 Qf8 31. f3 exf3 32. Qxg7+ Qxg7 33. Bxg7 Kxg7 34. Kf2 Kf6 35. Kxf3 Ke5 36. g4 Kd5 37. h4 1-0

[Event "Hamburg St Pauli op-A"]
[Site "Hamburg"]
[Date "2011.07.13"]
[Round "6"]
[White "Korba, Roman"]
[Black "Magnussen, Helge"]
[Result "1-0"]
[WhiteElo "2213"]
[BlackElo "2137"]
[PlyCount "47"]
[EventDate "2011.07.09"]
[EventType "swiss"]
[EventRounds "9"]
[EventCountry "GER"]
[SourceTitle "CBM 143 Extra"]
[Source "ChessBase"]
[SourceDate "2011.08.29"]
[SourceVersion "1"]
[SourceVersionDate "2011.08.29"]
[SourceQuality "1"]

1. Nf3 e6 2. g3 d5 3. Bg2 Nf6 4. 0-0 Be7 5. d3 0-0 6. Nbd2 c5 7. e4 d4 8. a4 Nc6 9. Nc4 b6 10. c3 Bb7 11. Qe2 a6 12. cxd4 cxd4 13. Bf4 b5 14. axb5 axb5 15. Rxa8 Qxa8 16. Nce5 Qa4 17. Nxc6 Bxc6 18. Rc1 Ba8 19. Be5 Ng4 20. Bxd4 f5 21. exf5 Bxf3 22. Qxe6+ Rf7 23. Rc8+ Bf8 24. Rxf8+ 1-0

[Event "Hamburg St Pauli op-A"]
[Site "Hamburg"]
[Date "2011.07.12"]
[Round "5"]
[White "Magnussen, Helge"]
[Black "Lindschau, Eggert"]
[Result "1-0"]
[WhiteElo "2137"]
[BlackElo "2026"]
[PlyCount "65"]
[EventDate "2011.07.09"]
[EventType "swiss"]
[EventRounds "9"]
[EventCountry "GER"]
[SourceTitle "CBM 143 Extra"]
[Source "ChessBase"]
[SourceDate "2011.08.29"]
[SourceVersion "1"]
[SourceVersionDate "2011.08.29"]
[SourceQuality "1"]

1. d4 Nf6 2. c4 c5 3. d5 e6 4. Nc3 exd5 5. cxd5 d6 6. e4 a6 7. a4 g6 8. Nf3 Bg4 9. h3 Bxf3 10. Qxf3 Bg7 11. Be2 0-0 12. 0-0 Nbd7 13. Bg5 Re8 14. Rae1 Qb6 15. Bc1 Rac8 16. g4 h6 17. h4 Qb4 18. Bd1 Ne5 19. Qh3 c4 20. g5 hxg5 21. hxg5 Nh5 22. Bxh5 gxh5 23. Qxh5 Nd3 24. Re3 Nxc1 25. Rxc1 Re7 26. Rc2 Qc5 27. Ne2 Rce8 28. Ng3 Re5 29. Rf3 Qd4 30. Qxf7+ Kh8 31. Nf5 Qd1+ 32. Kh2 Rxf5 33. Rh3+ 1-0